00286nam a2200121Ia 4500008004100000041001200041082001100053100001800064245002700082260003500109300000800144650001200152221030s9999 xx 000 0 und d aEnglish a105.23 aL. R. Hubbard 0aHandbook For Preclears bNew Era Pub.aCaliforniac2007 a423 aGeneral